Emozioni /

সংরক্ষণ করুন:
গ্রন্থ-পঞ্জীর বিবরন
প্রধান লেখক: Evans, Dylan (লেখক)
অন্যান্য লেখক: Formaggio, Mauro (অনুবাদক)
বিন্যাস: গ্রন্থ
ভাষা:ইতালিয়
প্রকাশিত: Roma : Le scienze, 2018
মালা:Mind ; 8
বিষয়গুলি:
ট্যাগগুলো: ট্যাগ যুক্ত করুন
কোনো ট্যাগ নেই, প্রথমজন হিসাবে ট্যাগ করুন!

MARC

LEADER 00000nam a22000007i 4500
001 IT\ICCU\BVE\0828678
003 ItRI
005 20260115232244.0
008 191017s2018 it |||||| ||||| |||||c
040 |b ita  |c importazione bologna sebina 
041 7 |a ita  |2 ISO-639-2 
100 1 |a Evans, Dylan  |0 IT\ICCU\BVEV\069828  |4 aut 
240 1 0 |a Emotion.  |3 IT\ICCU\MOD\0764953  |9 Evans, Dylan 
245 1 0 |a Emozioni /  |c Dylan Evans ; traduzione di Mauro Formaggio. 
260 |a Roma :  |b Le scienze,  |c 2018 
300 |a 156 p. :  |b ill. ;  |c 20 cm 
650 7 |a Emozioni 
700 1 |a Formaggio, Mauro  |0 IT\ICCU\CFIV\033540  |4 trl 
830 0 |a Mind ;  |v 8  |0 IT\ICCU\RMB\0800460 
942 |2 ddc  |c BK  |n 0 
952 |0 0  |1 0  |4 0  |6 DOC_152_409000000000000_EVA  |7 0  |9 23067  |a BO  |b BO  |d 2026-01-15  |i 20095  |l 0  |o DOC 152.409 EVA  |p BO20095  |r 2026-01-15 23:22:44  |w 2026-01-15  |x [Sebina 5] [1 v.]  |y BK  |z 1 v. 
999 |c 19672  |d 19672